000 00452nam a22001697a 4500
003 OSt
008 200320b ||||| |||| 00| 0 eng d
022 _a978-9350241059
082 _a546 CHP
100 _aChatwal, G. R.
245 _aPharmaceutical Chemistry - Inorganic
250 _a2nd/e, Reprint 2019
260 _aNew Delhi
_bHimalaya Publishing House
300 _a469 Pages,
650 _aPharmaceutical Inorganic Chemisty
942 _2ddc
_cBK
999 _c8601
_d8601